| 000 | 00451nam a2200157 4500 | ||
|---|---|---|---|
| 003 | SEACOMEC | ||
| 005 | 20250320123117.0 | ||
| 008 | 250320b |||||||| |||| 00| 0 eng d | ||
| 020 |
_a978-8125928591 _c235.00 |
||
| 040 | _aSEACOMEC | ||
| 082 |
_a510.02462 _bB575 |
||
| 100 | _aBhui, Bikas Chandra | ||
| 245 |
_aEngineering Mathematics / _cBikas Chandra Bhui & Dipak Chatterjee |
||
| 260 |
_aKolkata : _b Vikas Publishing House, _c2009 |
||
| 942 | _cBOOK | ||
| 999 |
_c2093 _d2093 |
||